[Event "VIE-ch"]
[Site "Ho Chi Minh City"]
[Date "2021.03.28"]
[Round "7"]
[White "Tran, Quoc Dung"]
[Black "Cao, Sang"]
[Result "0-1"]
[WhiteElo "2339"]
[BlackElo "2414"]
[PlyCount "56"]
[EventDate "2021.03.24"]
[EventType "swiss"]
[EventRounds "9"]
[EventCountry "VIE"]
[SourceTitle "EXT 2022"]
[Source "ChessBase"]
[SourceDate "2021.10.06"]
[SourceVersion "1"]
[SourceVersionDate "2021.10.06"]
[SourceQuality "1"]

1. d4 Nf6 2. c4 e6 3. Nc3 Bb4 4. Qc2 0-0 5. Bg5 b6 6. a3 Bxc3+ 7. Qxc3 Ba6 8. Nf3 c5 9. e3 Nc6 10. Bd3 cxd4 11. exd4 Rc8 12. 0-0 h6 13. Bh4 Na5 14. b3 Bb7 15. Nd2 d5 16. c5 g5 17. Bg3 bxc5 18. dxc5 d4 19. Qb2 Rxc5 20. b4 Rc3 21. Be2 Nb3 22. Nxb3 Qd5 23. f3 Rxb3 24. Qd2 Rc8 25. Rfd1 e5 26. Bf1 Nh5 27. Bf2 Nf4 28. Rdc1 Rcc3 0-1

[Event "VIE Cup"]
[Site "Hanoi"]
[Date "2021.??.??"]
[Round "1"]
[White "Bui, Tran Minh Khang"]
[Black "Tran, Quoc Dung"]
[Result "0-1"]
[WhiteElo "1331"]
[BlackElo "2300"]
[PlyCount "71"]
[EventDate "2021.05.03"]
[EventType "swiss"]
[EventRounds "9"]
[EventCountry "VIE"]
[SourceTitle "EXT 2022"]
[Source "ChessBase"]
[SourceDate "2021.10.06"]
[SourceVersion "1"]
[SourceVersionDate "2021.10.06"]
[SourceQuality "1"]

1. Nf3 Nf6 2. g3 g6 3. Bg2 Bg7 4. 0-0 0-0 5. d4 d6 6. c4 Nbd7 7. Nc3 c6 8. e4 e5 9. Re1 Re8 10. d5 Qc7 11. h3 a6 12. Be3 cxd5 13. cxd5 b5 14. a3 Nb6 15. Bxb6 Qxb6 16. b4 Nh5 17. Kf1 Bd7 18. Rc1 Rac8 19. Qe2 Bh6 20. Rc2 Rc7 21. Nd1 Rec8 22. Rxc7 Qxc7 23. Ne3 Qc3 24. Ng4 Bg7 25. Qe3 Qxe3 26. Rxe3 f5 27. exf5 gxf5 28. Ngh2 f4 29. gxf4 Nxf4 30. Ng4 h5 31. Ngh2 Rc1+ 32. Ne1 Bf5 33. h4 Bd3+ 34. Kg1 Bh6 35. Kh1 Nxg2 36. Kxg2 0-1

[Event "VIE Cup"]
[Site "Hanoi"]
[Date "2021.??.??"]
[Round "5"]
[White "Nguyen, Thai Son"]
[Black "Tran, Quoc Dung"]
[Result "0-1"]
[WhiteElo "1514"]
[BlackElo "2300"]
[PlyCount "72"]
[EventDate "2021.05.03"]
[EventType "swiss"]
[EventRounds "9"]
[EventCountry "VIE"]
[SourceTitle "EXT 2022"]
[Source "ChessBase"]
[SourceDate "2021.10.06"]
[SourceVersion "1"]
[SourceVersionDate "2021.10.06"]
[SourceQuality "1"]

1. e4 c5 2. Nf3 d6 3. d4 cxd4 4. Nxd4 Nf6 5. Nc3 a6 6. Bg5 e6 7. f4 Qb6 8. Qd2 Qxb2 9. Rb1 Qa3 10. e5 h6 11. Bh4 dxe5 12. fxe5 g5 13. Bf2 Ng4 14. Bg3 Nd7 15. Be2 Ngxe5 16. 0-0 Bg7 17. Ne4 0-0 18. Rb3 Qe7 19. Nf3 f5 20. Nd6 Nxf3+ 21. Bxf3 Nc5 22. Nxc8 Raxc8 23. Rbb1 Rfd8 24. Qe1 e5 25. Rd1 e4 26. Bf2 Ne6 27. Rxd8+ Qxd8 28. Be2 Rxc2 29. Bd1 Rc1 30. Kh1 Kh8 31. Be3 Ra1 32. g3 Qd5 33. Kg1 Rxa2 34. Qb4 Qd3 35. Qe7 Qxe3+ 36. Kh1 Qd2 0-1

[Event "VIE-ch op"]
[Site "Hanoi"]
[Date "2020.11.28"]
[Round "8"]
[White "Tran, Minh Thang"]
[Black "Tran, Quoc Dung"]
[Result "1-0"]
[WhiteElo "2341"]
[BlackElo "2342"]
[PlyCount "71"]
[EventDate "2020.11.23"]
[EventType "swiss"]
[EventRounds "9"]
[EventCountry "VIE"]
[SourceTitle "CBM 199 Extra"]
[Source "ChessBase"]
[SourceDate "2021.01.31"]
[SourceVersion "1"]
[SourceVersionDate "2021.01.31"]
[SourceQuality "1"]

1. Nf3 Nf6 2. e3 d5 3. b3 c5 4. Bb2 Nc6 5. Bb5 Bd7 6. 0-0 e6 7. Bxc6 Bxc6 8. Ne5 Rc8 9. d3 Be7 10. Nd2 0-0 11. f4 Be8 12. Qf3 b5 13. c4 a5 14. Qg3 a4 15. f5 axb3 16. axb3 bxc4 17. bxc4 dxc4 18. Ndxc4 exf5 19. Rxf5 g6 20. Ra7 Ra8 21. Rxe7 Qxe7 22. Nc6 Bxc6 23. Rxf6 Rac8 24. Nd6 Bd7 25. Qg5 Rfe8 26. e4 Rc6 27. Nxe8 Qxe8 28. Rxc6 Bxc6 29. Qf6 Kf8 30. Ba3 Qa8 31. Bxc5+ Kg8 32. Be3 Qa4 33. h3 Kf8 34. Bh6+ Ke8 35. Bg5 Kd7 36. Qd8+ 1-0

[Event "VIE-chT"]
[Site "Bac Giang"]
[Date "2020.06.08"]
[Round "5.7"]
[White "Tran, Quoc Dung"]
[Black "Doan, Van Duc"]
[Result "1-0"]
[WhiteElo "2339"]
[BlackElo "2141"]
[PlyCount "71"]
[EventDate "2020.06.06"]
[EventType "swiss"]
[EventRounds "9"]
[EventCountry "VIE"]
[SourceTitle "CBM 197 Extra"]
[Source "ChessBase"]
[SourceDate "2020.09.30"]
[SourceVersion "1"]
[SourceVersionDate "2020.09.30"]
[SourceQuality "1"]

1. d4 Nf6 2. c4 e6 3. Nc3 Bb4 4. Qc2 d5 5. cxd5 Qxd5 6. Nf3 Qf5 7. Qb3 Nc6 8. Bd2 0-0 9. a3 Ba5 10. h3 h6 11. g4 Qg6 12. Rg1 Bxc3 13. Bxc3 Ne4 14. Rc1 a5 15. Qc2 Ng5 16. Nd2 Qxc2 17. Rxc2 Rd8 18. h4 Nh7 19. e3 Ne7 20. g5 hxg5 21. hxg5 Nf8 22. Nc4 b6 23. Bg2 Ra7 24. Bd2 Bb7 25. Bxb7 Rxb7 26. Ke2 Nd7 27. Rgc1 f6 28. gxf6 gxf6 29. Rh1 Nf8 30. Rcc1 Kf7 31. Rcg1 Rbb8 32. Bc3 Nd5 33. Rh8 Ne7 34. Nd2 Nfg6 35. Rh7+ Kf8 36. Ne4 1-0

[Event "VIE-chT"]
[Site "Ho Chi Minh City"]
[Date "2019.09.29"]
[Round "5.5"]
[White "Nguyen, Quoc Hy"]
[Black "Tran, Quoc Dung"]
[Result "1/2-1/2"]
[WhiteElo "2129"]
[BlackElo "2339"]
[PlyCount "30"]
[EventDate "2019.09.26"]
[EventType "team-swiss"]
[EventRounds "9"]
[EventCountry "VIE"]
[SourceTitle "EXT 2020"]
[Source "ChessBase"]
[SourceDate "2019.10.17"]
[SourceVersion "1"]
[SourceVersionDate "2019.10.17"]
[SourceQuality "1"]

1. c4 c5 2. Nf3 Nc6 3. g3 g6 4. Bg2 Bg7 5. 0-0 e5 6. Nc3 Nge7 7. a3 0-0 8. b4 d6 9. Rb1 Rb8 10. d3 b6 11. b5 Nd4 12. Qa4 Nxf3+ 13. Bxf3 Bh3 14. Qxa7 e4 15. Nxe4 Ra8 1/2-1/2

[Event "VIE-ch"]
[Site "Ho Chi Minh City"]
[Date "2019.05.07"]
[Round "6"]
[White "Dang, Hoang Son"]
[Black "Tran, Quoc Dung"]
[Result "1-0"]
[WhiteElo "2320"]
[BlackElo "2339"]
[PlyCount "21"]
[EventDate "2019.05.02"]
[EventType "swiss"]
[EventRounds "9"]
[EventCountry "VIE"]
[SourceTitle "CBM 190 Extra"]
[Source "ChessBase"]
[SourceDate "2019.07.15"]
[SourceVersion "1"]
[SourceVersionDate "2019.07.15"]
[SourceQuality "1"]

1. c4 Nf6 2. Nc3 e6 3. e4 d5 4. e5 Nfd7 5. d4 dxc4 6. Bxc4 c5 7. Nf3 Nc6 8. Bg5 Qb6 9. d5 Ndxe5 10. dxc6 Nxc4 11. cxb7 1-0

[Event "VIE-ch"]
[Site "Ho Chi Minh City"]
[Date "2019.05.05"]
[Round "4"]
[White "Nguyen, Duc Hoa"]
[Black "Tran, Quoc Dung"]
[Result "1-0"]
[WhiteElo "2436"]
[BlackElo "2339"]
[PlyCount "89"]
[EventDate "2019.05.02"]
[EventType "swiss"]
[EventRounds "9"]
[EventCountry "VIE"]
[SourceTitle "CBM 190 Extra"]
[Source "ChessBase"]
[SourceDate "2019.07.15"]
[SourceVersion "1"]
[SourceVersionDate "2019.07.15"]
[SourceQuality "1"]

1. e4 c5 2. Nf3 d6 3. d4 cxd4 4. Nxd4 Nf6 5. Nc3 a6 6. Bg5 e6 7. f4 Nbd7 8. Qf3 Qc7 9. 0-0-0 Be7 10. g4 b5 11. a3 Rb8 12. Bxf6 Nxf6 13. g5 Nd7 14. Bh3 0-0 15. g6 Nc5 16. gxf7+ Rxf7 17. b4 Na4 18. Nxa4 bxa4 19. Bxe6 Bxe6 20. Nxe6 Qc4 21. Rd5 a5 22. b5 Rxb5 23. Qd3 Qxd3 24. Rxd3 Rh5 25. Rd5 Rh6 26. f5 Bf6 27. Rxa5 Rb7 28. Rxa4 Rh3 29. Kd2 Kf7 30. Ke2 g5 31. Rb4 Ra7 32. a4 h6 33. Rc4 Be5 34. Nd8+ Kf6 35. Nc6 Ra6 36. Nb4 Ra8 37. Nd5+ Kf7 38. Rc7+ Kf8 39. Kf2 Rxh2+ 40. Rxh2 Bxh2 41. Nb6 Ra6 42. Nd7+ Ke8 43. f6 Be5 44. f7+ Kxf7 45. Nc5+ 1-0

[Event "VIE-ch"]
[Site "Ho Chi Minh City"]
[Date "2019.05.05"]
[Round "3"]
[White "Tran, Quoc Dung"]
[Black "Doan, Van Duc"]
[Result "1-0"]
[WhiteElo "2339"]
[BlackElo "2142"]
[PlyCount "65"]
[EventDate "2019.05.02"]
[EventType "swiss"]
[EventRounds "9"]
[EventCountry "VIE"]
[SourceTitle "CBM 190 Extra"]
[Source "ChessBase"]
[SourceDate "2019.07.15"]
[SourceVersion "1"]
[SourceVersionDate "2019.07.15"]
[SourceQuality "1"]

1. d4 Nf6 2. c4 d6 3. Nc3 e5 4. Nf3 Nbd7 5. e4 Be7 6. Bd3 0-0 7. 0-0 Re8 8. Re1 c6 9. d5 c5 10. a3 b6 11. b4 a6 12. Rb1 Nf8 13. Bc2 Bd7 14. Ba4 Qc7 15. bxc5 Qxc5 16. Qb3 Rec8 17. Bc6 Ng4 18. Qxb6 Qxb6 19. Rxb6 Bxc6 20. Rxc6 Rxc6 21. dxc6 Ne6 22. Nd5 Bd8 23. c5 dxc5 24. h3 Nf6 25. Nxe5 Kf8 26. f3 Rc8 27. Be3 Bc7 28. Nxc7 Rxc7 29. Rc1 Ke7 30. Bxc5+ Nxc5 31. Rxc5 Ke6 32. Nd3 Ne8 33. Re5+ 1-0

[Event "Ho Chi Minh City HD Bank op 9th"]
[Site "Ho Chi Minh City"]
[Date "2019.03.12"]
[Round "8"]
[White "Chen, Qi B"]
[Black "Tran, Quoc Dung"]
[Result "1-0"]
[WhiteElo "2443"]
[BlackElo "2376"]
[PlyCount "175"]
[EventDate "2019.03.07"]
[EventType "swiss"]
[EventRounds "9"]
[EventCountry "VIE"]
[SourceTitle "CBM 189 Extra"]
[Source "ChessBase"]
[SourceDate "2019.05.31"]
[SourceVersion "1"]
[SourceVersionDate "2019.05.31"]
[SourceQuality "1"]

1. e4 c5 2. Nf3 d6 3. d4 cxd4 4. Nxd4 Nf6 5. Nc3 a6 6. h3 e5 7. Nde2 b5 8. Ng3 g6 9. Bg5 Be6 10. a4 b4 11. Nd5 Nbd7 12. Nxb4 Qb6 13. c3 h6 14. Bxf6 Nxf6 15. Bd3 Nd7 16. a5 Qb7 17. Qe2 Nc5 18. Bc4 h5 19. Bd5 Bxd5 20. Nxd5 h4 21. b4 Ne6 22. Nf1 Nf4 23. Nxf4 exf4 24. Nd2 Bg7 25. Ra3 Rc8 26. Qd3 0-0 27. 0-0 Rfd8 28. Nf3 d5 29. e5 Rc4 30. Rd1 Qc7 31. e6 fxe6 32. Qxg6 Qf7 33. Qg4 Qf6 34. Rd4 Rdc8 35. Rxc4 Rxc4 36. b5 axb5 37. a6 Rc8 38. a7 Ra8 39. Ra6 Qf5 40. Qxf5 exf5 41. Ra5 Bxc3 42. Rxb5 Rxa7 43. Rxd5 Ra1+ 44. Kh2 Ra2 45. Rxf5 Rxf2 46. Kg1 Ra2 47. Rxf4 Ra1+ 48. Kh2 Ba5 49. Rc4 Ra3 50. Nxh4 Bb6 51. Nf3 Kg7 52. h4 Ra5 53. Kh3 Ra3 54. Rg4+ Kh6 55. Rf4 Bc7 56. Rf6+ Kg7 57. Rc6 Bb8 58. Rb6 Ba7 59. Rb5 Be3 60. Kg4 Ra4+ 61. Kh5 Ra6 62. Ne5 Rh6+ 63. Kg4 Ra6 64. Kf5 Rf6+ 65. Ke4 Bd2 66. Rb7+ Kg8 67. g3 Be1 68. Rb3 Kg7 69. Re3 Bd2 70. Rf3 Ra6 71. Rf7+ Kg8 72. Rf1 Ra4+ 73. Kf5 Bc3 74. Rf3 Ba1 75. Re3 Kg7 76. g4 Ra2 77. g5 Bd4 78. Re4 Bc3 79. Nf3 Ra5+ 80. Kg4 Ra2 81. Re7+ Kg8 82. Rc7 Bb4 83. Rc4 Bd6 84. h5 Ra5 85. Rc8+ Kg7 86. h6+ Kh7 87. Rd8 Ra4+ 88. Kh5 1-0

[Event "Ho Chi Minh City HD Bank op 9th"]
[Site "Ho Chi Minh City"]
[Date "2019.03.11"]
[Round "7"]
[White "Xu, Yi"]
[Black "Tran, Quoc Dung"]
[Result "1-0"]
[WhiteElo "2520"]
[BlackElo "2376"]
[PlyCount "67"]
[EventDate "2019.03.07"]
[EventType "swiss"]
[EventRounds "9"]
[EventCountry "VIE"]
[SourceTitle "CBM 189 Extra"]
[Source "ChessBase"]
[SourceDate "2019.05.31"]
[SourceVersion "1"]
[SourceVersionDate "2019.05.31"]
[SourceQuality "1"]

1. e4 c5 2. Nf3 d6 3. d4 cxd4 4. Nxd4 Nf6 5. Nc3 Nc6 6. Bg5 e6 7. Qd2 a6 8. 0-0-0 Be7 9. Bxf6 gxf6 10. f4 Bd7 11. f5 Qb6 12. Nxc6 bxc6 13. Bc4 h5 14. Rhe1 e5 15. Na4 Qa7 16. Bb3 a5 17. Qd3 Rh7 18. Re3 0-0-0 19. Qe2 Kc7 20. Rh3 Rdh8 21. Qc4 Bc8 22. Nc3 Ba6 23. Nd5+ Kd7 24. Qc3 Bd8 25. Ba4 Qb7 26. Qa3 Qb8 27. Rb3 Bb5 28. c4 Ke8 29. Bxb5 cxb5 30. Rxb5 Qc8 31. Qxd6 Qxc4+ 32. Nc3 Qc7 33. Qxc7 Bxc7 34. Rb7 1-0

[Event "Ho Chi Minh City HD Bank op 9th"]
[Site "Ho Chi Minh City"]
[Date "2019.03.08"]
[Round "3"]
[White "Shahil, Dey"]
[Black "Tran, Quoc Dung"]
[Result "0-1"]
[WhiteElo "2007"]
[BlackElo "2376"]
[PlyCount "66"]
[EventDate "2019.03.07"]
[EventType "swiss"]
[EventRounds "9"]
[EventCountry "VIE"]
[SourceTitle "CBM 189 Extra"]
[Source "ChessBase"]
[SourceDate "2019.05.31"]
[SourceVersion "1"]
[SourceVersionDate "2019.05.31"]
[SourceQuality "1"]

1. e4 d6 2. d4 Nf6 3. Nc3 g6 4. f4 Bg7 5. Nf3 a6 6. Bd3 0-0 7. 0-0 b5 8. a3 c5 9. d5 Nbd7 10. h3 Bb7 11. Be3 c4 12. Be2 Nc5 13. e5 Nfe4 14. Bd4 dxe5 15. Bxc5 Nxc5 16. fxe5 Nd7 17. Qd2 Nxe5 18. Rad1 Qb6+ 19. Kh1 Rad8 20. Rfe1 Nd7 21. Nh2 Nf6 22. Bf3 Nxd5 23. Bxd5 e6 24. Qg5 h6 25. Qf4 exd5 26. Re7 d4 27. Ne4 Bxe4 28. Qxe4 Qd6 29. Rf1 d3 30. cxd3 cxd3 31. Qb7 Qd5 32. Qxa6 d2 33. Rd1 Qb3 0-1

[Event "VIE-chB"]
[Site "Ba Dinh"]
[Date "2018.12.02"]
[Round "7"]
[White "Nguyen, Van Huy"]
[Black "Tran, Quoc Dung"]
[Result "1-0"]
[WhiteElo "2445"]
[BlackElo "2376"]
[PlyCount "55"]
[EventDate "2018.11.28"]
[EventType "swiss"]
[EventRounds "9"]
[EventCountry "VIE"]
[SourceTitle "EXT 2021"]
[Source "ChessBase"]
[SourceDate "2020.10.23"]
[SourceVersion "1"]
[SourceVersionDate "2020.10.23"]
[SourceQuality "1"]

1. d4 Nf6 2. c4 g6 3. Nc3 d5 4. cxd5 Nxd5 5. Bd2 Bg7 6. e4 Nb6 7. Be3 0-0 8. h3 c6 9. Nf3 Be6 10. Be2 Bc4 11. 0-0 N8d7 12. Bg5 h6 13. Bh4 Bxe2 14. Qxe2 Nf6 15. Rac1 Nh5 16. Ne5 Qe8 17. f4 Nf6 18. Nd3 Qc8 19. g4 Re8 20. f5 g5 21. Bg3 e6 22. e5 exf5 23. Rxf5 Nfd5 24. Ne4 Qd8 25. Ndc5 Qe7 26. Rcf1 Rf8 27. h4 gxh4 28. Be1 1-0

[Event "VIE-chB"]
[Site "Ba Dinh"]
[Date "2018.11.28"]
[Round "2"]
[White "Tran, Quoc Dung"]
[Black "Nguyen, Tri Thien"]
[Result "1/2-1/2"]
[WhiteElo "2376"]
[BlackElo "1809"]
[PlyCount "83"]
[EventDate "2018.11.28"]
[EventType "swiss"]
[EventRounds "9"]
[EventCountry "VIE"]
[SourceTitle "EXT 2021"]
[Source "ChessBase"]
[SourceDate "2020.10.23"]
[SourceVersion "1"]
[SourceVersionDate "2020.10.23"]
[SourceQuality "1"]

1. d4 d5 2. c4 c6 3. Nf3 Nf6 4. Nbd2 g6 5. g3 Bg7 6. Bg2 0-0 7. 0-0 a5 8. b3 Na6 9. Bb2 Bf5 10. Nh4 Be6 11. Rc1 Re8 12. Re1 Qd7 13. Nhf3 Red8 14. Ne5 Qe8 15. a3 Ne4 16. cxd5 cxd5 17. Nxe4 dxe4 18. Nc4 Nc5 19. Qc2 Nxb3 20. Qxb3 b5 21. Bxe4 Bxc4 22. Qf3 Ra6 23. e3 a4 24. Bc3 Qd7 25. Bb4 Rf6 26. Qg2 Bf8 27. Rb1 g5 28. g4 Rh6 29. Rec1 Kh8 30. Qg3 Bg7 31. h3 e6 32. Bg2 Rg6 33. Bf1 Bxf1 34. Rc7 Qd5 35. Rxf1 f5 36. Qg2 Qa2 37. Rfc1 h6 38. Be7 Rg8 39. Qf3 f4 40. Qe4 fxe3 41. fxe3 Kh7 42. Rd7 1/2-1/2

[Event "VIE-ch"]
[Site "Ho Chi Minh City"]
[Date "2018.04.27"]
[Round "2"]
[White "Tran, Quoc Dung"]
[Black "Tran, Tuan Minh"]
[Result "1/2-1/2"]
[WhiteElo "2326"]
[BlackElo "2514"]
[PlyCount "47"]
[EventDate "2018.04.27"]
[EventType "swiss"]
[EventRounds "9"]
[EventCountry "VIE"]
[SourceTitle "CBM 184 Extra"]
[Source "ChessBase"]
[SourceDate "2018.06.28"]
[SourceVersion "1"]
[SourceVersionDate "2018.06.28"]
[SourceQuality "1"]

1. d4 Nf6 2. c4 e6 3. Nc3 Bb4 4. e3 b6 5. Nge2 Ne4 6. Qc2 Bb7 7. a3 Bxc3+ 8. Nxc3 Nxc3 9. Qxc3 0-0 10. b3 d6 11. Bb2 Nd7 12. 0-0-0 Qe7 13. f3 f5 14. Bd3 c5 15. Bc2 d5 16. dxc5 Nxc5 17. cxd5 Bxd5 18. b4 Rac8 19. bxc5 Rxc5 20. Qd3 Rfc8 21. Rd2 Bc4 22. Qc3 Bd5 23. Qd3 Bc4 24. Qc3 1/2-1/2

[Event "VIE-chT"]
[Site "Ho Chi Minh City"]
[Date "2017.07.28"]
[Round "8.6"]
[White "Cao, Sang"]
[Black "Tran, Quoc Dung"]
[Result "1/2-1/2"]
[WhiteElo "2407"]
[BlackElo "2286"]
[PlyCount "118"]
[EventDate "2017.07.24"]
[EventType "team-swiss"]
[EventRounds "9"]
[EventCountry "VIE"]
[SourceTitle "EXT 2019"]
[Source "ChessBase"]
[SourceDate "2018.10.10"]
[SourceVersion "1"]
[SourceVersionDate "2018.10.10"]
[SourceQuality "1"]

1. e4 c5 2. Nc3 Nc6 3. g3 g6 4. Bg2 Bg7 5. d3 d6 6. Nh3 e6 7. 0-0 Nge7 8. Be3 0-0 9. Qd2 Re8 10. Bh6 Bh8 11. f4 Qb6 12. Rab1 c4+ 13. Kh1 cxd3 14. cxd3 Nd4 15. g4 f5 16. gxf5 exf5 17. Ng5 Bg7 18. Bxg7 Kxg7 19. Rbe1 Be6 20. b3 h6 21. Na4 Qd8 22. Qb2 hxg5 23. Qxd4+ Kg8 24. Qf6 Qd7 25. exf5 Bxf5 26. fxg5 Nc6 27. Nc3 Ne5 28. Nd5 Re6 29. Rxf5 gxf5 30. Qxf5 Rf8 31. Nf6+ Rexf6 32. Qxd7 Nxd7 33. gxf6 Rxf6 34. Bxb7 Rf2 35. Re7 Ne5 36. d4 Kf8 37. Re6 Nf7 38. Bd5 Rf5 39. Bc6 Rf4 40. Re4 Rf2 41. Re8+ Kg7 42. Re7 Kf6 43. Rxa7 Rd2 44. Bd5 Nh6 45. a4 Rxd4 46. Bc4 Nf5 47. Rf7+ Ke5 48. a5 d5 49. Be2 Rd2 50. Bf3 Rf2 51. Bxd5 Kxd5 52. Kg1 Rf4 53. a6 Rg4+ 54. Kf2 Nd6 55. Rc7 Nb5 56. Rf7 Rg6 57. a7 Ra6 58. h4 Nxa7 59. h5 Nc6 1/2-1/2

[Event "VIE-chT"]
[Site "Ho Chi Minh City"]
[Date "2017.07.26"]
[Round "5.9"]
[White "Huynh, Hai Him"]
[Black "Tran, Quoc Dung"]
[Result "0-1"]
[WhiteElo "1887"]
[BlackElo "2286"]
[PlyCount "98"]
[EventDate "2017.07.24"]
[EventType "team-swiss"]
[EventRounds "9"]
[EventCountry "VIE"]
[SourceTitle "EXT 2019"]
[Source "ChessBase"]
[SourceDate "2018.10.10"]
[SourceVersion "1"]
[SourceVersionDate "2018.10.10"]
[SourceQuality "1"]

1. d4 Nf6 2. Nf3 d5 3. c4 e6 4. cxd5 exd5 5. Bg5 Nbd7 6. Nc3 c6 7. e3 h6 8. Bh4 Bd6 9. Bd3 0-0 10. 0-0 Re8 11. Re1 Bb4 12. Rc1 Qa5 13. a3 Bf8 14. Nd2 g5 15. Bg3 Qb6 16. Rb1 Bg7 17. b4 Qd8 18. Bc2 Nf8 19. b5 Bd7 20. bxc6 Bxc6 21. Nb5 Re7 22. Nd6 Rd7 23. Nf5 Ng6 24. Nf3 Ne4 25. Rc1 f6 26. Nd2 Ne7 27. Nxe4 dxe4 28. Bb3+ Bd5 29. Bxd5+ Nxd5 30. Qg4 Qe8 31. Nd6 Qe7 32. Qxe4 Qxe4 33. Nxe4 Bf8 34. Nc5 Rf7 35. e4 Nb6 36. e5 fxe5 37. dxe5 Rc7 38. Nb3 Rxc1 39. Rxc1 Bxa3 40. Rc7 Rd8 41. h4 Rd7 42. Rc2 Kf7 43. hxg5 hxg5 44. Nd2 a5 45. Nf3 Be7 46. Re2 Ke6 47. Re4 Rd1+ 48. Kh2 a4 49. Re3 Nc4 0-1

[Event "VIE-chT"]
[Site "Ho Chi Minh City"]
[Date "2017.07.26"]
[Round "4.10"]
[White "Tran, Quoc Dung"]
[Black "Nguyen, Anh Tuan"]
[Result "1-0"]
[WhiteElo "2286"]
[BlackElo "1901"]
[PlyCount "56"]
[EventDate "2017.07.24"]
[EventType "team-swiss"]
[EventRounds "9"]
[EventCountry "VIE"]
[SourceTitle "EXT 2019"]
[Source "ChessBase"]
[SourceDate "2018.10.10"]
[SourceVersion "1"]
[SourceVersionDate "2018.10.10"]
[SourceQuality "1"]

1. d4 c6 2. Nf3 d5 3. c4 Bg4 4. Ne5 Bh5 5. cxd5 Qxd5 6. Nc3 Qd8 7. g4 Bg6 8. h4 h6 9. h5 Bh7 10. Qb3 e6 11. Qxb7 Nd7 12. Nxd7 Qc8 13. Qxc8+ Rxc8 14. Nxf8 Kxf8 15. b3 Nf6 16. f3 Nd5 17. Ba3+ Ke8 18. Rc1 Kd7 19. e4 Nf4 20. Kf2 Rhd8 21. Kg3 e5 22. dxe5 Ne6 23. Ba6 Rb8 24. Na4 Ke8 25. Rxc6 Nd4 26. Rc7 Rd7 27. Rxd7 Nc2 28. Rd2 Nxa3 1-0

[Event "VIE-chT"]
[Site "Ho Chi Minh City"]
[Date "2017.07.25"]
[Round "3.4"]
[White "Nguyen, Van Huy"]
[Black "Tran, Quoc Dung"]
[Result "1-0"]
[WhiteElo "2424"]
[BlackElo "2286"]
[PlyCount "79"]
[EventDate "2017.07.24"]
[EventType "team-swiss"]
[EventRounds "9"]
[EventCountry "VIE"]
[SourceTitle "EXT 2019"]
[Source "ChessBase"]
[SourceDate "2018.10.10"]
[SourceVersion "1"]
[SourceVersionDate "2018.10.10"]
[SourceQuality "1"]

1. d4 Nf6 2. c4 g6 3. Nc3 d5 4. cxd5 Nxd5 5. Bd2 Bg7 6. e4 Nb6 7. Be3 0-0 8. h3 Nc6 9. Nf3 Na5 10. Bf4 Nac4 11. Qb3 Nd6 12. Bd3 c6 13. 0-0 Be6 14. Qc2 Bc4 15. Bxc4 Ndxc4 16. Rad1 Qc8 17. Rfe1 Nd7 18. b3 Ncb6 19. a4 a5 20. Qc1 Nb8 21. Qe3 Na6 22. d5 Nd7 23. Bh6 Nb4 24. dxc6 bxc6 25. Bxg7 Kxg7 26. Qd4+ Nf6 27. Qc5 Qb7 28. Nd4 Qa7 29. Qg5 Rfd8 30. Nf5+ Kh8 31. Nh6 Kg7 32. Nf5+ Kh8 33. e5 Ng8 34. Ne3 Nd3 35. Re2 Qd4 36. Rc2 Qxe5 37. Qxe5+ Nxe5 38. Rxd8 Rxd8 39. f4 Rd3 40. Kf2 1-0

[Event "VIE-chT"]
[Site "Ho Chi Minh City"]
[Date "2017.07.24"]
[Round "1.17"]
[White "Vo, Kim Cang"]
[Black "Tran, Quoc Dung"]
[Result "0-1"]
[WhiteElo "2030"]
[BlackElo "2286"]
[PlyCount "80"]
[EventDate "2017.07.24"]
[EventType "team-swiss"]
[EventRounds "9"]
[EventCountry "VIE"]
[SourceTitle "EXT 2019"]
[Source "ChessBase"]
[SourceDate "2018.10.10"]
[SourceVersion "1"]
[SourceVersionDate "2018.10.10"]
[SourceQuality "1"]

1. d4 Nf6 2. c4 g6 3. Nc3 d5 4. cxd5 Nxd5 5. e4 Nxc3 6. bxc3 Bg7 7. Be3 0-0 8. Nf3 c5 9. Qd2 Qa5 10. Rc1 Nd7 11. Be2 Nf6 12. Bd3 b6 13. 0-0 Ba6 14. e5 cxd4 15. Bxd4 Nd5 16. Bxa6 Qxa6 17. Rfe1 Nc7 18. Qe2 Qxe2 19. Rxe2 Ne6 20. a4 Rac8 21. Rb1 Rc4 22. a5 bxa5 23. Ra2 Nxd4 24. cxd4 a4 25. Rba1 Rb8 26. Kf1 Rbb4 27. Ne1 a5 28. Nd3 Rb3 29. Nc5 Bxe5 30. Rxa4 Rxa4 31. Rxa4 Rb1+ 32. Ke2 Bc7 33. g3 h5 34. h4 Kg7 35. Ne4 Bb6 36. Nd2 Rb4 37. Rxb4 axb4 38. Nb3 Kf6 39. f4 Ke6 40. Ke3 Kd5 0-1

[Event "VIE-ch"]
[Site "Bac Giang"]
[Date "2016.06.27"]
[Round "8"]
[White "Tran, Quoc Dung"]
[Black "Nguyen, Van Huy"]
[Result "0-1"]
[WhiteElo "2327"]
[BlackElo "2423"]
[PlyCount "22"]
[EventDate "2016.06.22"]
[EventType "swiss"]
[EventRounds "9"]
[EventCountry "VIE"]
[SourceTitle "EXT 2017"]
[Source "ChessBase"]
[SourceDate "2016.10.25"]
[SourceVersion "1"]
[SourceVersionDate "2016.10.25"]
[SourceQuality "1"]

1. d4 Nf6 2. Nf3 d5 3. Bf4 c5 4. Nc3 cxd4 5. Qxd4 Nc6 6. Qa4 Bd7 7. 0-0-0 e5 8. Bg5 Nd4 9. Rxd4 Bxa4 10. Rxd5 Nxd5 11. Bxd8 Nxc3 0-1

[Event "VIE-ch"]
[Site "Bac Giang"]
[Date "2016.06.22"]
[Round "1"]
[White "Tran, Quoc Dung"]
[Black "Tran, Dang Minh Quang"]
[Result "1-0"]
[WhiteElo "2327"]
[BlackElo "1541"]
[PlyCount "57"]
[EventDate "2016.06.22"]
[EventType "swiss"]
[EventRounds "9"]
[EventCountry "VIE"]
[SourceTitle "EXT 2017"]
[Source "ChessBase"]
[SourceDate "2016.10.25"]
[SourceVersion "1"]
[SourceVersionDate "2016.10.25"]
[SourceQuality "1"]

1. d4 d5 2. c4 e6 3. Nc3 Nf6 4. g3 c6 5. Bg2 dxc4 6. Nf3 Be7 7. 0-0 0-0 8. Ne5 Nd5 9. Nxc4 b5 10. Ne5 f6 11. Nd3 b4 12. Na4 Nd7 13. Bd2 Ba6 14. Nf4 Nxf4 15. Bxf4 Qc8 16. Rc1 Bb5 17. Re1 Qa6 18. Qb3 Rf7 19. Nc5 Nxc5 20. dxc5 e5 21. Be3 Qa4 22. Qe6 Rd8 23. Be4 g6 24. Bc2 Qa6 25. Bb3 Rd5 26. Bh6 Bxe2 27. Rxe2 Qxe2 28. Qxc6 Bxc5 29. Qa8+ 1-0